Manažérstvo a manažment kvality vo vzdelávaní

Manažérstvo a manažment systému kvality vo vysokoškolskom vzdelávaní a súvisiace otázky. Manažérstvo a manažment systému kvality z pohľadu súčasnosti. Opatrenia, návrh na skvalitnenie VŠ na Slovensku, komentáre a modifikácie návrhov. Požiadavky 21. storočia.

Guardado en:
Detalles Bibliográficos
Autor principal: Pružinský, Michal, 1952-
Otros Autores: Varhoľák, Peter
Formato: Capítulo de libro
Lenguaje:eslovaco
Materias:
Etiquetas: Agregar Etiqueta
Sin Etiquetas, Sea el primero en etiquetar este registro!

MARC

LEADER 00000naa$a2200000$$$4500
001 0144094
005 20240605094153.7
041 0 |a slo 
044 |a SK 
245 1 0 |a Manažérstvo a manažment kvality vo vzdelávaní  |c Michal Pružinský, Peter Varhoľák 
520 |a Manažérstvo a manažment systému kvality vo vysokoškolskom vzdelávaní a súvisiace otázky. Manažérstvo a manažment systému kvality z pohľadu súčasnosti. Opatrenia, návrh na skvalitnenie VŠ na Slovensku, komentáre a modifikácie návrhov. Požiadavky 21. storočia. 
610 2 0 |a vzdelávanie vysokoškolské 
610 2 0 |a kvalita 
610 2 0 |a riadenie kvality 
100 1 |a Pružinský, Michal, 1952- 
700 1 |a Varhoľák, Peter